Možnosti porovnávania úrovne hodnôt znaku vo viacerých súboroch pri nesplnení predpokladov analýzy rozptylu
Výhody a nevýhody klasickej a Welchovej analýzy rozptylu prostredníctvom veľkostí chýb 1. a 2. druhu pri rôznych vstupných hodnotách parametrov súborov. Odporúčania pre voľbu vhodnej metódy pre rôzne kombinácie veľkostí porovnávaných súborov a ich variabilít. Pri použití analýzy rozptylu sa v praxi...
Saved in:
| Main Author: | |
|---|---|
| Other Authors: | |
| Format: | Book Chapter |
| Language: | Slovak |
| Subjects: | |
| Tags: |
No Tags, Be the first to tag this record!
|
MARC
| LEADER | 00000naa a2200000 4500 | ||
|---|---|---|---|
| 001 | 0273220 | ||
| 005 | 20240502074315.8 | ||
| 041 | 0 | |a slo | |
| 044 | |a SK | ||
| 245 | 1 | 0 | |a Možnosti porovnávania úrovne hodnôt znaku vo viacerých súboroch pri nesplnení predpokladov analýzy rozptylu |c Eva Kotlebová, Martin Sliacky |
| 520 | |a Výhody a nevýhody klasickej a Welchovej analýzy rozptylu prostredníctvom veľkostí chýb 1. a 2. druhu pri rôznych vstupných hodnotách parametrov súborov. Odporúčania pre voľbu vhodnej metódy pre rôzne kombinácie veľkostí porovnávaných súborov a ich variabilít. Pri použití analýzy rozptylu sa v praxi javí ako najproblematickejší predpoklad homoskedasticity (rovnosti rozptylov v porovnávaných súboroch). | ||
| 610 | 2 | 0 | |a analýzy |
| 610 | 2 | 0 | |a simulácia |
| 610 | 2 | 0 | |a metódy štatistické |
| 610 | 2 | 0 | |a testy |
| 610 | 2 | 0 | |a odhady |
| 100 | 1 | |a Kotlebová, Eva | |
| 700 | 1 | |a Sliacky, Martin | |